00248nam a22000977a 4500040000900000082001300009100002900022245006500051260002200116300001200138 cNUST a051bREA aBeaudouin, John T. (Edt) aReader's Digest Condensed Books /cJohn T. Beaudouin, (Edt) aNew York, c1976. a574p. ;